[Event "26th Abu Dhabi Master 2019"]
[Site "Abu Dhabi"]
[Date "2019.08.07"]
[Round "6.37"]
[White "Kathmale, Sameer"]
[Black "Costachi, Mihnea"]
[Result "1/2-1/2"]
[WhiteElo "2326"]
[BlackElo "2471"]
[Annotator "ChessBase"]
[PlyCount "209"]
[EventDate "2019.08.02"]
[EventType "swiss"]
[EventCountry "UAE"]
[SourceTitle "playchess.com"]
[Source "ChessBase"]
[SourceQuality "1"]
[TimeControl "5400+30"]

1. e4 {[%emt 0:01:50]} e5 {[%emt 0:00:00]} 2. Nf3 {[%emt 0:00:10]} Nc6 {[%emt 0:00:00]} 3. Bb5 {[%emt 0:00:04]} a6 {[%emt 0:00:00]} 4. Ba4 {[%emt 0:00:05]} d6 {[%emt 0:00:00]} 5. c4 {[%emt 0:00:13]} Bg4 {[%emt 0:00:00]} 6. h3 {[%emt 0:13:54]} Bxf3 {[%emt 0:00:06]} 7. Bxc6+ {[%emt 0:00:32]} bxc6 {[%emt 0:00:03]} 8. Qxf3 {[%emt 0:00:06]} Nf6 {[%emt 0:16:56]} 9. Nc3 {[%emt 0:01:26]} Be7 {[%emt 0:00:07]} 10. O-O {[%emt 0:02:40]} O-O {[%emt 0:00:18]} 11. d3 {[%emt 0:06:34]} Rb8 {[%emt 0:07:26]} 12. b3 {[%emt 0:04:54]} Qd7 {[%emt 0:08:51]} 13. Ne2 {[%emt 0:01:59]} Qe6 {[%emt 0:11:57]} 14. d4 {[%emt 0:04:53]} d5 {[%emt 0:19:13]} 15. exd5 {[%emt 0:04:53]} cxd5 {[%emt 0:00:05]} 16. dxe5 {[%emt 0:00:49]} Qxe5 {[%emt 0:00:06]} 17. Bf4 {[%emt 0:01:14]} Qf5 {[%emt 0:02:14]} 18. Ng3 {[%emt 0:04:17]} Qd7 {[%emt 0:00:08]} 19. Rad1 {[%emt 0:05:02]} Rbd8 {[%emt 0:02:56]} 20. Be5 {[%emt 0:06:16]} Ne8 {[%emt 0:15:35]} 21. Nf5 {[%emt 0:05:20]} c6 {[%emt 0:07:09]} 22. cxd5 {[%emt 0:00:37]} cxd5 {[%emt 0:00:03]} 23. Rxd5 {[%emt 0:02:24]} Qe6 {[%emt 0:00:05]} 24. Nxe7+ {[%emt 0:02:55]} Qxe7 {[%emt 0:00:01]} 25. Rxd8 {[%emt 0:00:40]} Qxd8 {[%emt 0:00:04]} 26. Rd1 {[%emt 0:00:26]} Qa5 {[%emt 0:00:38]} 27. Bc3 {[%emt 0:03:15]} Qc5 {[%emt 0:01:39]} 28. Qg3 {[%emt 0:07:30]} f6 {[%emt 0:01:32]} 29. Rd7 {[%emt 0:04:10]} Rf7 {[%emt 0:02:05]} 30. Qb8 {[%emt 0:01:53]} Qxc3 {[%emt 0:01:28]} 31. Qxe8+ Rf8 32. Qe6+ {[%emt 0:02:11]} Kh8 {[%emt 0:00:02]} 33. Qxa6 {[%emt 0:03:54]} Qc1+ {[%emt 0:01:36]} 34. Qf1 {[%emt 0:00:10]} Qb2 {[%emt 0:00:06]} 35. Ra7 {[%emt 0:04:43]} h6 {[%emt 0:00:05]} 36. Qd3 {[%emt 0:00:27]} f5 {[%emt 0:00:27]} 37. f4 {[%emt 0:01:21]} Re8 {[%emt 0:01:33]} 38. Kh2 {[%emt 0:00:18]} Qf2 {[%emt 0:00:51]} 39. Ra4 {[%emt 0:00:52]} Rf8 {[%emt 0:00:06]} 40. Qd4 {[%emt 0:00:17]} Qf1 {[%emt 0:00:46]} 41. Rc4 {[%emt 0:02:10]} Rf6 {[%emt 0:01:00]} 42. a4 {[%emt 0:00:19]} Rg6 {[%emt 0:00:35]} 43. Rc2 {[%emt 0:00:09]} Kh7 {[%emt 0:00:21]} 44. b4 {[%emt 0:00:21]} Qe1 {[%emt 0:00:53]} 45. Qf2 {[%emt 0:00:28]} Qxb4 {[%emt 0:00:11]} 46. Rc5 {[%emt 0:01:29]} Qxa4 {[%emt 0:01:46]} 47. Rxf5 {[%emt 0:00:02]} Qe4 {[%emt 0:00:23]} 48. Re5 {[%emt 0:00:21]} Qd3 {[%emt 0:00:10]} 49. Re3 {[%emt 0:01:59]} Qd4 {[%emt 0:00:09]} 50. Qf3 {[%emt 0:00:12]} Rf6 {[%emt 0:00:27]} 51. Re4 {[%emt 0:00:37]} Qd5 {[%emt 0:00:42]} 52. Qe2 {[%emt 0:00:57]} Rg6 {[%emt 0:01:06]} 53. h4 {[%emt 0:00:15]} Qf5 {[%emt 0:00:15]} 54. Qf3 {[%emt 0:00:44]} Qd5 {[%emt 0:01:10]} 55. Qe2 {[%emt 0:01:24]} Qf5 {[%emt 0:00:02]} 56. Qf3 {[%emt 0:00:08]} Qd5 {[%emt 0:00:05]} 57. Re3 {[%emt 0:00:30]} Qxf3 {[%emt 0:00:05]} 58. Rxf3 {[%emt 0:00:04]} h5 {[%emt 0:01:17]} 59. Re3 {[%emt 0:00:10]} Ra6 {[%emt 0:00:28]} 60. Kg3 {[%emt 0:00:27]} g6 {[%emt 0:00:31]} 61. Re7+ {[%emt 0:00:29]} Kh6 {[%emt 0:00:14]} 62. Kf3 {[%emt 0:00:21]} Ra3+ {[%emt 0:00:05]} 63. Re3 {[%emt 0:00:10]} Ra4 {[%emt 0:00:18]} 64. Re5 {[%emt 0:00:48]} Ra3+ {[%emt 0:00:09]} 65. Ke4 {[%emt 0:00:16]} Ra4+ {[%emt 0:00:09]} 66. Ke3 {[%emt 0:00:10]} Ra3+ {[%emt 0:00:05]} 67. Ke4 {[%emt 0:00:25]} Ra4+ {[%emt 0:00:03]} 68. Kf3 {[%emt 0:00:07]} Ra3+ {[%emt 0:00:06]} 69. Re3 {[%emt 0:00:03]} Ra4 {[%emt 0:00:26]} 70. Rd3 {[%emt 0:00:19]} Kg7 {[%emt 0:00:07]} 71. Ke3 {[%emt 0:00:06]} Ra2 {[%emt 0:00:20]} 72. g3 {[%emt 0:00:35]} Ra4 {[%emt 0:00:18]} 73. Kf3 {[%emt 0:00:14]} Rb4 {[%emt 0:00:43]} 74. Ra3 {[%emt 0:00:05]} Rc4 {[%emt 0:00:28]} 75. Ra5 {[%emt 0:00:06]} Rc3+ {[%emt 0:00:03]} 76. Kg2 {[%emt 0:00:08]} Rc2+ {[%emt 0:00:03]} 77. Kf3 {[%emt 0:00:05]} Rc3+ {[%emt 0:00:03]} 78. Kg2 {[%emt 0:00:04]} Rc2+ {[%emt 0:00:02]} 79. Kh3 {[%emt 0:00:05]} Rf2 {[%emt 0:00:21]} 80. Rg5 {[%emt 0:00:10]} Kf6 {[%emt 0:00:13]} 81. Ra5 {[%emt 0:00:23]} Kg7 {[%emt 0:00:30]} 82. Ra7+ {[%emt 0:00:41]} Kf6 {[%emt 0:00:08]} 83. Rh7 {[%emt 0:00:07]} Ke6 {[%emt 0:00:14]} 84. Rh8 {[%emt 0:00:40]} Kf6 {[%emt 0:00:17]} 85. Ra8 {[%emt 0:00:10]} Kg7 {[%emt 0:00:06]} 86. Ra7+ {[%emt 0:00:06]} Kf6 {[%emt 0:00:03]} 87. Ra6+ {[%emt 0:00:04]} Kg7 {[%emt 0:00:07]} 88. Ra1 {[%emt 0:00:09]} Kf6 {[%emt 0:00:04]} 89. Rg1 {[%emt 0:00:07]} Ra2 {[%emt 0:01:29]} 90. Rg2 {[%emt 0:00:47]} Ra3 {[%emt 0:00:59]} 91. Re2 {[%emt 0:00:09]} Rf3 {[%emt 0:00:05]} 92. Kg2 {[%emt 0:00:09]} Ra3 {[%emt 0:00:03]} 93. Kf2 {[%emt 0:00:07]} Rb3 {[%emt 0:00:22]} 94. Re3 {[%emt 0:00:12]} Rb4 {[%emt 0:00:16]} 95. Kf3 {[%emt 0:00:22]} Ra4 {[%emt 0:00:26]} 96. Rb3 {[%emt 0:00:53]} Ra6 {[%emt 0:00:28]} 97. Ke4 {[%emt 0:03:57]} Ra4+ {[%emt 0:00:01]} 98. Kd5 {[%emt 0:01:48]} Kf5 {[%emt 0:01:01]} 99. Kd6 {[%emt 0:00:44]} Ra6+ {[%emt 0:00:20]} 100. Ke7 {[%emt 0:00:59]} Kg4 {[%emt 0:00:55]} 101. Kf7 {[%emt 0:00:15]} Rc6 {[%emt 0:00:06]} 102. Kg7 {[%emt 0:00:51]} Ra6 {[%emt 0:00:03]} 103. Rc3 {[%emt 0:00:38]} Rb6 {[%emt 0:00:04]} 104. Ra3 {[%emt 0:00:31]} Rc6 {[%emt 0:00:04]} 105. Rb3 {[%emt 0:00:05]} 1/2-1/2

[Event "26th Abu Dhabi Master 2019"]
[Site "Abu Dhabi"]
[Date "2019.08.07"]
[Round "6.38"]
[White "Alavi, Sayed Javad"]
[Black "Pranav, V."]
[Result "1-0"]
[WhiteElo "2454"]
[BlackElo "2316"]
[Annotator "ChessBase"]
[PlyCount "237"]
[EventDate "2019.08.02"]
[EventType "swiss"]
[EventCountry "UAE"]
[SourceTitle "playchess.com"]
[Source "ChessBase"]
[SourceQuality "1"]
[TimeControl "5400+30"]

1. d4 {[%emt 0:00:00]} Nf6 {[%emt 0:00:00]} 2. c4 {[%emt 0:00:00]} e6 {[%emt 0:00:00]} 3. Nf3 {[%emt 0:00:11]} b6 {[%emt 0:00:00]} 4. g3 {[%emt 0:00:32]} Bb7 {[%emt 0:00:06]} 5. Bg2 {[%emt 0:00:06]} Bb4+ {[%emt 0:00:09]} 6. Bd2 {[%emt 0:00:49]} a5 {[%emt 0:00:51]} 7. O-O {[%emt 0:00:42]} O-O {[%emt 0:03:49]} 8. Bg5 {[%emt 0:01:31]} Be7 {[%emt 0:01:14]} 9. Nc3 {[%emt 0:00:54]} d6 {[%emt 0:01:17]} 10. Bxf6 {[%emt 0:00:32]} Bxf6 {[%emt 0:00:14]} 11. e4 {[%emt 0:00:02]} Nd7 {[%emt 0:02:39]} 12. Re1 {[%emt 0:06:46]} g6 {[%emt 0:05:30]} 13. Qd2 {[%emt 0:00:32]} Bg7 {[%emt 0:05:26]} 14. Rad1 {[%emt 0:08:44]} Qe7 {[%emt 0:06:07]} 15. h4 {[%emt 0:09:06]} Rfd8 {[%emt 0:06:14]} 16. Bh3 {[%emt 0:11:35]} Ba6 {[%emt 0:11:00]} 17. b3 {[%emt 0:09:51]} c5 {[%emt 0:01:36]} 18. d5 {[%emt 0:01:29]} Qf6 {[%emt 0:21:05]} 19. Re3 {[%emt 0:02:46]} e5 {[%emt 0:01:39]} 20. Rd3 {[%emt 0:03:31]} Nf8 {[%emt 0:01:41]} 21. Kg2 {[%emt 0:10:59]} h6 {[%emt 0:01:57]} 22. Rh1 {[%emt 0:06:54]} Nh7 {[%emt 0:01:23]} 23. h5 {[%emt 0:01:19]} Bc8 {[%emt 0:01:17]} 24. Bxc8 {[%emt 0:00:48]} Raxc8 {[%emt 0:00:25]} 25. Nh4 {[%emt 0:02:52]} Nf8 {[%emt 0:01:00]} 26. a4 {[%emt 0:03:37]} Rd7 {[%emt 0:01:16]} 27. Nd1 {[%emt 0:03:37]} Re8 {[%emt 0:01:52]} 28. Kg1 {[%emt 0:01:19]} Qg5 {[%emt 0:02:38]} 29. hxg6 {[%emt 0:01:19]} fxg6 {[%emt 0:00:13]} 30. Qxg5 {[%emt 0:01:18]} hxg5 {[%emt 0:00:05]} 31. Nf3 {[%emt 0:01:54]} Bf6 {[%emt 0:00:16]} 32. Ne3 {[%emt 0:01:04]} Rh7 {[%emt 0:01:16]} 33. Ng4 {[%emt 0:02:56]} Bd8 {[%emt 0:00:15]} 34. Rd1 {[%emt 0:01:57]} Rxh1+ 35. Kxh1 Kg7 {[%emt 0:01:15]} 36. Kg2 {[%emt 0:00:14]} Nd7 {[%emt 0:00:07]} 37. Rh1 {[%emt 0:00:53]} Be7 {[%emt 0:02:10]} 38. Nd2 {[%emt 0:01:42]} Nb8 {[%emt 0:00:56]} 39. Nb1 {[%emt 0:00:20]} Na6 {[%emt 0:01:15]} 40. Na3 {[%emt 0:00:01]} Nc7 {[%emt 0:00:34]} 41. Nb5 {[%emt 0:00:25]} Nxb5 {[%emt 0:00:55]} 42. cxb5 {[%emt 0:00:22]} Bd8 {[%emt 0:00:05]} 43. Ne3 {[%emt 0:01:23]} Rf8 {[%emt 0:00:22]} 44. Rc1 {[%emt 0:01:12]} Rf7 {[%emt 0:01:08]} 45. Rc3 {[%emt 0:00:19]} Rf8 {[%emt 0:00:25]} 46. Rc2 {[%emt 0:00:28]} Rf7 {[%emt 0:00:30]} 47. Kh3 {[%emt 0:00:30]} Rf8 {[%emt 0:00:33]} 48. Kg4 {[%emt 0:00:20]} Kf6 {[%emt 0:00:44]} 49. Nc4 {[%emt 0:00:42]} Bc7 {[%emt 0:00:08]} 50. Rc3 {[%emt 0:01:19]} Rh8 {[%emt 0:02:40]} 51. Rf3+ {[%emt 0:00:26]} Kg7 {[%emt 0:00:01]} 52. Kxg5 {[%emt 0:00:23]} Rh1 {[%emt 0:00:03]} 53. Re3 {[%emt 0:01:51]} Rg1 {[%emt 0:01:16]} 54. Kg4 {[%emt 0:01:26]} Rg2 {[%emt 0:00:31]} 55. Kf3 {[%emt 0:00:44]} Rh2 {[%emt 0:00:18]} 56. Re1 {[%emt 0:00:08]} Kf7 {[%emt 0:00:20]} 57. Ne3 {[%emt 0:00:16]} Kg7 {[%emt 0:00:59]} 58. Ng4 {[%emt 0:00:08]} Rh8 {[%emt 0:00:27]} 59. Kg2 {[%emt 0:00:04]} Rf8 {[%emt 0:00:08]} 60. Ne3 {[%emt 0:00:23]} Bd8 {[%emt 0:03:07]} 61. Nc4 {[%emt 0:00:03]} Bc7 {[%emt 0:00:05]} 62. Rh1 {[%emt 0:00:07]} Rf7 {[%emt 0:00:45]} 63. Rh3 {[%emt 0:00:17]} Rf8 {[%emt 0:00:12]} 64. Rh2 {[%emt 0:00:01]} Rf7 {[%emt 0:00:07]} 65. Kh3 {[%emt 0:00:32]} Rf3 {[%emt 0:00:48]} 66. Ne3 {[%emt 0:00:05]} Rxe3 {[%emt 0:01:27]} 67. fxe3 {[%emt 0:00:01]} Bd8 {[%emt 0:00:05]} 68. Kg4 {[%emt 0:00:07]} Bc7 {[%emt 0:00:14]} 69. Rf2 {[%emt 0:01:17]} Bd8 {[%emt 0:00:02]} 70. Rf3 {[%emt 0:00:19]} Bc7 {[%emt 0:00:33]} 71. Kh3 {[%emt 0:00:06]} Bd8 {[%emt 0:00:21]} 72. Kg2 {[%emt 0:00:07]} Bc7 {[%emt 0:00:18]} 73. Kf1 {[%emt 0:00:05]} Bd8 {[%emt 0:00:33]} 74. Ke2 {[%emt 0:00:02]} Bc7 {[%emt 0:00:05]} 75. Kd2 {[%emt 0:00:08]} Bd8 {[%emt 0:00:02]} 76. Kc3 {[%emt 0:00:09]} Bc7 {[%emt 0:00:02]} 77. Kc4 {[%emt 0:00:06]} Bd8 {[%emt 0:00:03]} 78. b4 {[%emt 0:03:28]} cxb4 {[%emt 0:01:14]} 79. Kd3 {[%emt 0:00:47]} Kg8 {[%emt 0:00:40]} 80. Rf1 {[%emt 0:00:24]} Kg7 {[%emt 0:00:02]} 81. Ke2 {[%emt 0:01:06]} Kg8 {[%emt 0:00:16]} 82. Rf2 {[%emt 0:00:11]} Kg7 {[%emt 0:00:44]} 83. Kf1 {[%emt 0:00:07]} Bg5 {[%emt 0:00:07]} 84. Ke2 {[%emt 0:00:26]} Bd8 {[%emt 0:00:18]} 85. Kf3 {[%emt 0:00:47]} Kf7 {[%emt 0:09:47]} 86. Kg4+ {[%emt 0:00:05]} Ke8 {[%emt 0:00:03]} 87. Rh2 {[%emt 0:01:17]} Bf6 {[%emt 0:00:01]} 88. Rh7 {[%emt 0:00:53]} Kf8 {[%emt 0:00:01]} 89. Rc7 {[%emt 0:00:45]} Ke8 {[%emt 0:01:16]} 90. Rb7 {[%emt 0:00:23]} Be7 {[%emt 0:04:39]} 91. Rb8+ {[%emt 0:01:22]} Bd8 {[%emt 0:01:08]} 92. Rc8 {[%emt 0:00:28]} Kd7 {[%emt 0:00:12]} 93. Rc6 {[%emt 0:00:10]} Be7 {[%emt 0:00:22]} 94. Rc2 {[%emt 0:00:19]} Bf6 {[%emt 0:00:20]} 95. Rh2 {[%emt 0:00:45]} Ke8 {[%emt 0:00:09]} 96. Rh7 {[%emt 0:00:24]} Kf8 {[%emt 0:00:14]} 97. Kf3 {[%emt 0:00:26]} Bg7 {[%emt 0:00:43]} 98. Ke2 {[%emt 0:00:15]} Bf6 {[%emt 0:00:45]} 99. Rb7 {[%emt 0:00:54]} Bd8 {[%emt 0:00:12]} 100. Kd3 {[%emt 0:01:03]} g5 {[%emt 0:00:28]} 101. Ke2 {[%emt 0:00:21]} Be7 {[%emt 0:01:09]} 102. Rxb6 {[%emt 0:00:19]} Ke8 {[%emt 0:00:06]} 103. Kd3 {[%emt 0:00:13]} Kd7 {[%emt 0:00:10]} 104. Rb7+ {[%emt 0:00:05]} Kd8 {[%emt 0:00:13]} 105. Ra7 {[%emt 0:00:10]} g4 {[%emt 0:00:30]} 106. Rxa5 {[%emt 0:00:12]} Bg5 {[%emt 0:00:07]} 107. Ra8+ {[%emt 0:00:11]} Kc7 {[%emt 0:00:03]} 108. Rg8 {[%emt 0:00:10]} Bh6 {[%emt 0:00:12]} 109. Rg6 {[%emt 0:00:12]} Bf8 {[%emt 0:00:03]} 110. Rxg4 {[%emt 0:00:11]} Kb6 {[%emt 0:00:02]} 111. Kc4 {[%emt 0:00:09]} Ka5 {[%emt 0:00:04]} 112. Rg8 {[%emt 0:00:05]} Bh6 {[%emt 0:00:03]} 113. Ra8+ {[%emt 0:00:04]} Kb6 {[%emt 0:00:03]} 114. Ra6+ {[%emt 0:00:05]} Kc7 {[%emt 0:00:03]} 115. Rc6+ {[%emt 0:00:04]} Kd7 {[%emt 0:00:03]} 116. b6 {[%emt 0:00:06]} Bxe3 {[%emt 0:00:03]} 117. b7 {[%emt 0:00:03]} b3 {[%emt 0:00:06]} 118. b8=Q {[%emt 0:00:08]} b2 {[%emt 0:00:04]} 119. Rc7# {[%emt 0:00:04]} 1-0

[Event "26th Abu Dhabi Master 2019"]
[Site "Abu Dhabi"]
[Date "2019.08.07"]
[Round "6.39"]
[White "Gaponenko, Inna"]
[Black "Nandhidhaa, P V"]
[Result "1-0"]
[WhiteElo "2450"]
[BlackElo "2259"]
[Annotator "ChessBase"]
[PlyCount "65"]
[EventDate "2019.08.02"]
[EventType "swiss"]
[EventCountry "UAE"]
[SourceTitle "playchess.com"]
[Source "ChessBase"]
[SourceQuality "1"]
[TimeControl "5400+30"]

1. e4 c5 2. Nf3 e6 3. d4 cxd4 4. Nxd4 a6 5. c4 Qc7 6. Nc3 Nf6 7. a3 b6 8. Be3 Bb7 9. f3 d6 10. Be2 Be7 11. Rc1 Nbd7 12. O-O O-O 13. b4 Rac8 14. Qe1 Rfe8 15. Qf2 Qb8 16. Rfd1 Bd8 17. g4 h6 18. h4 d5 19. cxd5 exd5 20. g5 dxe4 21. gxf6 exf3 22. Bxf3 Bxf6 23. Nd5 Rxc1 24. Nxf6+ Nxf6 25. Bxc1 Bxf3 26. Qxf3 Re4 27. Nf5 Qe5 28. Ng3 Rg4 29. Rd8+ Kh7 30. Kg2 h5 31. Kh3 Qe1 32. Bf4 Qe6 33. Kg2 1-0

[Event "26th Abu Dhabi Master 2019"]
[Site "Abu Dhabi"]
[Date "2019.08.07"]
[Round "6.40"]
[White "Akash Pc, Iyer"]
[Black "Tashkhodzhaev, Akram"]
[Result "1-0"]
[WhiteElo "2441"]
[BlackElo "2123"]
[Annotator "NA"]
[PlyCount "66"]
[EventDate "2019.08.02"]
[EventType "swiss"]
[EventCountry "UAE"]
[SourceTitle "playchess.com"]
[Source "ChessBase"]
[SourceQuality "1"]
[TimeControl "5400+30"]

1. d4 {[%emt 0:00:00]} Nf6 {[%emt 0:00:00]} 2. Nf3 {[%emt 0:00:00]} c5 {[%emt 0:00:00]} 3. d5 {[%emt 0:00:00]} g6 {[%emt 0:00:12]} 4. Nc3 {[%emt 0:00:03]} Bg7 {[%emt 0:00:08]} 5. e4 {[%emt 0:00:09]} d6 {[%emt 0:00:06]} 6. Bb5+ {[%emt 0:00:04]} Bd7 {[%emt 0:00:11]} 7. a4 {[%emt 0:00:05]} O-O {[%emt 0:00:36]} 8. O-O {[%emt 0:00:11]} Bg4 {[%emt 0:00:16]} 9. Re1 {[%emt 0:00:22]} a6 {[%emt 0:02:37]} 10. Bf1 {[%emt 0:01:31]} b6 {[%emt 0:00:11]} 11. h3 {[%emt 0:00:32]} Bxf3 {[%emt 0:00:12]} 12. Qxf3 {[%emt 0:00:06]} Nbd7 {[%emt 0:00:29]} 13. Qd1 {[%emt 0:09:17]} Ne8 {[%emt 0:00:20]} 14. Bg5 {[%emt 0:05:10]} Nc7 {[%emt 0:02:00]} 15. Qd2 {[%emt 0:01:19]} Re8 {[%emt 0:00:09]} 16. Rab1 {[%emt 0:03:52]} Qc8 {[%emt 0:01:48]} 17. Bh6 {[%emt 0:11:11]} Bf6 {[%emt 0:06:44]} 18. b4 {[%emt 0:03:43]} cxb4 {[%emt 0:07:54]} 19. Rxb4 {[%emt 0:01:46]} Rb8 {[%emt 0:06:30]} 20. Ne2 {[%emt 0:18:08]} b5 {[%emt 0:02:51]} 21. Nd4 {[%emt 0:06:41]} bxa4 {[%emt 0:02:41]} 22. Rxa4 {[%emt 0:01:51]} Nb5 {[%emt 0:03:03]} 23. Rc4 {[%emt 0:02:27]} Qb7 {[%emt 0:07:02]} 24. Nc6 {[%emt 0:00:15]} Ne5 {[%emt 0:01:49]} 25. Nxe5 {[%emt 0:00:28]} Bxe5 {[%emt 0:01:57]} 26. f4 {[%emt 0:01:03]} Bg7 {[%emt 0:04:05]} 27. Bxg7 {[%emt 0:01:21]} Kxg7 {[%emt 0:00:09]} 28. e5 {[%emt 0:08:45]} Rec8 {[%emt 0:02:24]} 29. exd6 {[%emt 0:04:17]} exd6 {[%emt 0:09:58]} 30. Rce4 {[%emt 0:05:29]} Nc3 {[%emt 0:00:23]} 31. Qd4+ {[%emt 0:00:06]} Kg8 {[%emt 0:00:24]} 32. Re7 {[%emt 0:00:06]} Qxd5 {[%emt 0:08:20]} 33. Qf6 {[%emt 0:00:30]} Qc5+ {[%emt 0:01:08]} 1-0

[Event "26th Abu Dhabi Master 2019"]
[Site "Abu Dhabi"]
[Date "2019.08.07"]
[Round "6.41"]
[White "Nitish Belurkar"]
[Black "Socko, Monika"]
[Result "1-0"]
[WhiteElo "2302"]
[BlackElo "2443"]
[Annotator "NA"]
[PlyCount "73"]
[EventDate "2019.08.02"]
[EventType "swiss"]
[EventCountry "UAE"]
[SourceTitle "playchess.com"]
[Source "ChessBase"]
[SourceQuality "1"]
[TimeControl "5400+30"]

1. e4 {[%emt 0:00:00]} c6 {[%emt 0:00:00]} 2. d4 {[%emt 0:00:00]} d5 {[%emt 0:00:00]} 3. e5 {[%emt 0:00:00]} c5 {[%emt 0:00:00]} 4. dxc5 {[%emt 0:00:00]} e6 {[%emt 0:00:00]} 5. Nf3 {[%emt 0:00:00]} Bxc5 {[%emt 0:00:43]} 6. a3 {[%emt 0:00:01]} Ne7 {[%emt 0:00:55]} 7. Bd3 {[%emt 0:00:16]} Ng6 {[%emt 0:02:03]} 8. O-O {[%emt 0:00:12]} Nc6 {[%emt 0:01:57]} 9. b4 {[%emt 0:02:00]} Be7 {[%emt 0:06:37]} 10. Re1 {[%emt 0:01:26]} O-O {[%emt 0:01:08]} 11. Bxg6 {[%emt 0:04:30]} hxg6 {[%emt 0:08:00]} 12. Nbd2 {[%emt 0:02:29]} b6 {[%emt 0:02:59]} 13. Qe2 {[%emt 0:10:33]} Bb7 {[%emt 0:01:34]} 14. Nb3 {[%emt 0:01:08]} a5 {[%emt 0:01:05]} 15. b5 {[%emt 0:00:35]} Nb8 {[%emt 0:00:27]} 16. a4 {[%emt 0:04:01]} Nd7 {[%emt 0:00:07]} 17. Be3 {[%emt 0:06:49]} Rc8 {[%emt 0:01:47]} 18. Bd4 {[%emt 0:06:51]} Rc4 {[%emt 0:08:11]} 19. c3 {[%emt 0:04:14]} Ba8 {[%emt 0:24:00]} 20. Nfd2 {[%emt 0:09:30]} Rc8 {[%emt 0:00:08]} 21. Qe3 {[%emt 0:00:59]} Qc7 {[%emt 0:02:12]} 22. f4 {[%emt 0:01:41]} Nc5 {[%emt 0:01:47]} 23. Nc1 {[%emt 0:06:31]} Rfd8 {[%emt 0:06:59]} 24. Ne2 {[%emt 0:04:40]} Rb8 {[%emt 0:01:34]} 25. Rf1 {[%emt 0:02:45]} Rd7 {[%emt 0:03:17]} 26. g4 {[%emt 0:11:09]} Ne4 {[%emt 0:02:27]} 27. Nxe4 {[%emt 0:00:49]} dxe4 {[%emt 0:00:02]} 28. f5 {[%emt 0:04:56]} Qc4 {[%emt 0:00:42]} 29. Nf4 {[%emt 0:03:13]} Bg5 {[%emt 0:02:03]} 30. fxg6 {[%emt 0:01:24]} fxg6 {[%emt 0:02:26]} 31. h4 {[%emt 0:00:08]} Bxf4 {[%emt 0:02:54]} 32. Rxf4 {[%emt 0:00:08]} Rbd8 {[%emt 0:02:15]} 33. h5 {[%emt 0:02:49]} Qb3 {[%emt 0:03:17]} 34. hxg6 {[%emt 0:01:17]} Rf8 {[%emt 0:02:33]} 35. Raf1 {[%emt 0:00:16]} Rxf4 {[%emt 0:00:08]} 36. Qxf4 {[%emt 0:00:05]} Qa3 {[%emt 0:00:03]} 37. Qh2 1-0

[Event "26th Abu Dhabi Master 2019"]
[Site "Abu Dhabi"]
[Date "2019.08.07"]
[Round "6.42"]
[White "Pujari, Rucha"]
[Black "Dimakiling, Oliver"]
[Result "0-1"]
[WhiteElo "2268"]
[BlackElo "2403"]
[Annotator "NA"]
[PlyCount "90"]
[EventDate "2019.08.02"]
[EventType "swiss"]
[EventCountry "UAE"]
[SourceTitle "playchess.com"]
[Source "ChessBase"]
[SourceQuality "1"]
[TimeControl "5400+30"]

1. d4 {[%emt 0:02:59]} Nf6 {[%emt 0:00:00]} 2. g3 {[%emt 0:00:50]} b5 {[%emt 0:00:36]} 3. Bg2 {[%emt 0:01:13]} d5 {[%emt 0:00:13]} 4. a4 {[%emt 0:01:51]} b4 {[%emt 0:01:24]} 5. c4 {[%emt 0:00:16]} bxc3 {[%emt 0:00:49]} 6. bxc3 {[%emt 0:00:42]} e6 {[%emt 0:00:36]} 7. Nf3 {[%emt 0:01:18]} Nbd7 {[%emt 0:01:38]} 8. O-O {[%emt 0:01:11]} Be7 {[%emt 0:01:13]} 9. Ne5 {[%emt 0:12:16]} Bb7 {[%emt 0:01:53]} 10. c4 {[%emt 0:02:05]} O-O {[%emt 0:00:21]} 11. a5 {[%emt 0:01:53]} Rb8 {[%emt 0:01:05]} 12. Nc3 {[%emt 0:05:52]} Bb4 {[%emt 0:05:12]} 13. Bd2 {[%emt 0:13:50]} Nxe5 {[%emt 0:00:36]} 14. dxe5 {[%emt 0:00:29]} Ng4 {[%emt 0:00:18]} 15. a6 {[%emt 0:04:31]} Ba8 {[%emt 0:00:52]} 16. cxd5 {[%emt 0:00:47]} exd5 {[%emt 0:06:06]} 17. e4 {[%emt 0:02:08]} Nxe5 {[%emt 0:00:22]} 18. exd5 {[%emt 0:01:06]} Nc4 {[%emt 0:00:45]} 19. Be1 {[%emt 0:02:41]} Re8 {[%emt 0:03:31]} 20. Qd4 {[%emt 0:05:23]} Ne5 {[%emt 0:00:18]} 21. Rd1 {[%emt 0:08:11]} c5 {[%emt 0:02:46]} 22. Qf4 {[%emt 0:06:27]} Qa5 {[%emt 0:01:50]} 23. Qc1 {[%emt 0:14:48]} Qxa6 {[%emt 0:00:47]} 24. Qc2 {[%emt 0:00:35]} Qf6 {[%emt 0:04:33]} 25. Ne4 {[%emt 0:02:47]} Qf5 {[%emt 0:06:23]} 26. Bxb4 {[%emt 0:03:03]} cxb4 {[%emt 0:00:07]} 27. Qb3 {[%emt 0:01:00]} Red8 {[%emt 0:00:25]} 28. Rfe1 {[%emt 0:01:22]} h5 {[%emt 0:01:16]} 29. f4 {[%emt 0:00:28]} Ng4 {[%emt 0:00:43]} 30. Ng5 {[%emt 0:00:35]} Qc8 {[%emt 0:01:16]} 31. Rc1 {[%emt 0:00:53]} Qa6 {[%emt 0:00:14]} 32. h3 {[%emt 0:00:41]} Qb6+ {[%emt 0:00:44]} 33. Kh1 {[%emt 0:00:00]} Nf6 {[%emt 0:01:01]} 34. Re7 {[%emt 0:01:46]} Rbc8 {[%emt 0:07:40]} 35. Rce1 {[%emt 0:00:01]} Rc3 {[%emt 0:02:54]} 36. Qa4 {[%emt 0:00:01]} Rf8 {[%emt 0:01:16]} 37. Rxa7 {[%emt 0:01:48]} Ra3 {[%emt 0:02:54]} 38. Rxa8 {[%emt 0:00:31]} Rxa8 {[%emt 0:01:25]} 39. Qc2 {[%emt 0:00:37]} Ra1 {[%emt 0:01:18]} 40. Qe2 {[%emt 0:00:29]} Rxe1+ {[%emt 0:00:15]} 41. Qxe1 {[%emt 0:00:02]} Qd4 {[%emt 0:00:11]} 42. Nf3 {[%emt 0:00:44]} Ra1 {[%emt 0:00:17]} 43. Nxd4 {[%emt 0:00:08]} Rxe1+ {[%emt 0:00:06]} 44. Kh2 {[%emt 0:00:01]} Rd1 {[%emt 0:00:12]} 45. Nb3 {[%emt 0:01:03]} Nxd5 {[%emt 0:00:10]} 0-1